[Event "ODJM C 2025"]
[Site "Willingen GER"]
[Date "2025.06.11"]
[Round "5"]
[White "Bathmann, Sanaa Maria"]
[Black "Tamke, Quintus"]
[Result "0-1"]
[Termination "normal"]
[Board "17"]
[WhiteElo "1105"]
[BlackElo "1201"]
[WhiteClock "01:01:36"]
[BlackClock "00:40:56"]
[PlyCount "72"]
[WhiteFideId "34697322"]
[BlackFideId "533015856"]
[EventCountry "GER"]
[EventRounds "9"]
[EventType "swiss"]
[EventDate "2025.06.07"]

1. e4 {[%clk 01:30:57]} {[%emt 00:00:01]} c6 {[%clk 01:30:55]} {[%emt
00:00:06]} 2. d4 {[%clk 01:31:16]} {[%emt 00:00:11]} d5 {[%clk 01:31:16]}
{[%emt 00:00:09]} 3. exd5 {[%clk 01:31:24]} {[%emt 00:00:10]} cxd5 {[%clk
01:31:37]} {[%emt 00:00:21]} 4. Bd3 {[%clk 01:31:18]} {[%emt 00:00:37]} Nc6
{[%clk 01:30:10]} {[%emt 00:01:57]} 5. c3 {[%clk 01:31:35]} {[%emt 00:00:12]}
g6 {[%clk 01:30:19]} {[%emt 00:00:20]} 6. Nf3 {[%clk 01:31:31]} {[%emt
00:00:34]} Bg7 {[%clk 01:30:29]} {[%emt 00:00:20]} 7. O-O {[%clk 01:30:35]}
{[%emt 00:01:26]} Nh6 {[%clk 01:30:40]} {[%emt 00:00:18]} 8. Bf4 {[%clk
01:30:53]} {[%emt 00:00:12]} f6 {[%clk 01:30:52]} {[%emt 00:00:19]} 9. Re1
{[%clk 01:30:13]} {[%emt 00:01:10]} Nf7 {[%clk 01:30:58]} {[%emt 00:00:23]} 10.
Bb5 {[%clk 01:26:09]} {[%emt 00:04:34]} O-O {[%clk 01:30:20]} {[%emt 00:01:08]}
11. c4 {[%clk 01:25:45]} {[%emt 00:00:56]} a6 {[%clk 01:30:29]} {[%emt
00:00:20]} 12. Bxc6 {[%clk 01:24:36]} {[%emt 00:01:39]} bxc6 {[%clk 01:30:34]}
{[%emt 00:00:24]} 13. cxd5 {[%clk 01:24:53]} {[%emt 00:00:14]} cxd5 {[%clk
01:30:44]} {[%emt 00:00:21]} 14. Qb3 {[%clk 01:24:07]} {[%emt 00:01:15]} Re8
{[%clk 01:13:16]} {[%emt 00:17:59]} 15. Nc3 {[%clk 01:21:57]} {[%emt 00:02:31]}
e5 {[%clk 01:13:01]} {[%emt 00:00:53]} 16. Bg3 {[%clk 01:21:48]} {[%emt
00:00:38]} Be6 {[%clk 01:08:59]} {[%emt 00:04:34]} 17. Qd1 {[%clk 01:21:08]}
{[%emt 00:01:04]} e4 {[%clk 01:02:31]} {[%emt 00:07:04]} 18. Nd2 {[%clk
01:21:16]} {[%emt 00:00:21]} Qb6 {[%clk 01:02:19]} {[%emt 00:00:42]} 19. Nb3
{[%clk 01:20:49]} {[%emt 00:00:54]} f5 {[%clk 00:55:33]} {[%emt 00:07:19]} 20.
Re2 {[%clk 01:18:55]} {[%emt 00:02:23]} f4 {[%clk 00:52:51]} {[%emt 00:03:13]}
21. Bxf4 {[%clk 01:15:34]} {[%emt 00:03:50]} Bg4 {[%clk 00:53:05]} {[%emt
00:00:16]} 22. f3 {[%clk 01:15:42]} {[%emt 00:00:22]} exf3 {[%clk 00:53:22]}
{[%emt 00:00:14]} 23. gxf3 {[%clk 01:14:59]} {[%emt 00:01:12]} Rxe2 {[%clk
00:52:57]} {[%emt 00:00:55]} 24. Qxe2 {[%clk 01:15:06]} {[%emt 00:00:22]} Be6
{[%clk 00:52:24]} {[%emt 00:01:05]} 25. Na4 {[%clk 01:09:23]} {[%emt 00:06:11]}
Qc6 {[%clk 00:47:40]} {[%emt 00:05:17]} 26. Nac5 {[%clk 01:09:29]} {[%emt
00:00:21]} Bxd4+ {[%clk 00:42:44]} {[%emt 00:05:28]} 27. Nxd4 {[%clk 01:09:40]}
{[%emt 00:00:19]} Qxc5 {[%clk 00:43:03]} {[%emt 00:00:11]} 28. Rc1 {[%clk
01:09:46]} {[%emt 00:00:23]} Qxd4+ {[%clk 00:43:17]} {[%emt 00:00:17]} 29. Be3
{[%clk 01:09:57]} {[%emt 00:00:19]} Qf6 {[%clk 00:42:11]} {[%emt 00:01:36]} 30.
Rc6 {[%clk 01:07:56]} {[%emt 00:02:28]} Qe5 {[%clk 00:40:42]} {[%emt 00:02:03]}
31. f4 {[%clk 01:04:41]} {[%emt 00:03:44]} Qe4 {[%clk 00:40:23]} {[%emt
00:00:49]} 32. Kf2 {[%clk 01:02:20]} {[%emt 00:02:49]} d4 {[%clk 00:39:57]}
{[%emt 00:00:58]} 33. Qf3 {[%clk 01:01:35]} {[%emt 00:01:15]} dxe3+ {[%clk
00:39:39]} {[%emt 00:00:48]} 34. Ke2 {[%clk 01:01:15]} {[%emt 00:00:40]} Qxf3+
{[%emt 00:00:19]} 35. Kxf3 {[%clk 01:01:25]} {[%emt 00:00:17]} Bd5+ {[%clk
00:40:31]} {[%emt 00:00:02]} 36. Kxe3 {[%clk 01:01:36]} {[%emt 00:00:18]} Bxc6
{[%clk 00:40:56]} {[%emt 00:00:05]} 0-1

[Event "ODJM C 2025"]
[Site "Willingen GER"]
[Date "2025.06.11"]
[Round "5"]
[White "Du, Vivian"]
[Black "Kasten, Luna Seraphine"]
[Result "0-1"]
[Termination "normal"]
[Board "18"]
[WhiteElo "1189"]
[BlackElo "1409"]
[WhiteClock "00:50:13"]
[BlackClock "01:24:35"]
[PlyCount "58"]
[WhiteFideId "533025924"]
[BlackFideId "34681639"]
[EventCountry "GER"]
[EventRounds "9"]
[EventType "swiss"]
[EventDate "2025.06.07"]

1. e4 {[%clk 01:30:57]} {[%emt 00:00:02]} c6 {[%clk 01:30:50]} {[%emt
00:00:10]} 2. d4 {[%clk 01:31:17]} {[%emt 00:00:10]} d5 {[%clk 01:31:12]}
{[%emt 00:00:09]} 3. exd5 {[%clk 01:31:36]} {[%emt 00:00:11]} cxd5 {[%clk
01:31:31]} {[%emt 00:00:10]} 4. Bd3 {[%clk 01:31:51]} {[%emt 00:00:14]} Nc6
{[%clk 01:31:40]} {[%emt 00:00:22]} 5. c3 {[%clk 01:32:06]} {[%emt 00:00:15]}
Nf6 {[%clk 01:31:46]} {[%emt 00:00:25]} 6. Bf4 {[%clk 01:32:05]} {[%emt
00:00:30]} e6 {[%clk 01:30:26]} {[%emt 00:01:51]} 7. Nd2 {[%clk 01:31:48]}
{[%emt 00:00:47]} Bd6 {[%clk 01:30:32]} {[%emt 00:00:23]} 8. Bxd6 {[%clk
01:29:22]} {[%emt 00:02:56]} Qxd6 {[%clk 01:29:49]} {[%emt 00:00:57]} 9. Ngf3
{[%clk 01:29:36]} {[%emt 00:00:32]} O-O {[%clk 01:29:55]} {[%emt 00:00:25]} 10.
O-O {[%clk 01:29:47]} {[%emt 00:00:19]} e5 {[%clk 01:29:55]} {[%emt 00:00:30]}
11. dxe5 {[%clk 01:28:51]} {[%emt 00:01:26]} Nxe5 {[%clk 01:30:11]} {[%emt
00:00:13]} 12. Nxe5 {[%clk 01:27:07]} {[%emt 00:02:14]} Qxe5 {[%clk 01:30:31]}
{[%emt 00:00:10]} 13. Re1 {[%clk 01:23:09]} {[%emt 00:04:27]} Qd6 {[%clk
01:30:49]} {[%emt 00:00:13]} 14. Qf3 {[%clk 01:18:29]} {[%emt 00:05:10]} Bg4
{[%clk 01:29:13]} {[%emt 00:02:06]} 15. Qg3 {[%clk 01:16:26]} {[%emt 00:02:33]}
Qxg3 {[%clk 01:28:17]} {[%emt 00:01:26]} 16. hxg3 {[%clk 01:16:39]} {[%emt
00:00:17]} Rad8 {[%clk 01:28:30]} {[%emt 00:00:17]} 17. f3 {[%clk 01:10:54]}
{[%emt 00:06:14]} Be6 {[%clk 01:28:35]} {[%emt 00:00:25]} 18. Kf2 {[%clk
01:10:08]} {[%emt 00:01:18]} d4 {[%clk 01:28:29]} {[%emt 00:00:36]} 19. c4
{[%clk 01:06:27]} {[%emt 00:04:10]} Nd7 {[%clk 01:28:33]} {[%emt 00:00:27]} 20.
Rh1 {[%clk 01:03:38]} {[%emt 00:03:18]} h6 {[%clk 01:28:03]} {[%emt 00:01:00]}
21. Rh2 {[%clk 00:59:48]} {[%emt 00:04:21]} Nc5 {[%clk 01:26:42]} {[%emt
00:01:49]} 22. Be4 {[%clk 00:58:51]} {[%emt 00:01:29]} Nxe4+ {[%clk 01:25:55]}
{[%emt 00:01:17]} 23. fxe4 {[%clk 00:59:04]} {[%emt 00:00:17]} Rc8 {[%clk
01:25:34]} {[%emt 00:00:50]} 24. b3 {[%clk 00:58:31]} {[%emt 00:01:03]} f5
{[%clk 01:24:58]} {[%emt 00:01:06]} 25. e5 {[%clk 00:58:23]} {[%emt 00:00:38]}
f4 {[%clk 01:25:09]} {[%emt 00:00:19]} 26. g4 {[%clk 00:54:52]} {[%emt
00:04:00]} Bxg4 {[%clk 01:25:17]} {[%emt 00:00:21]} 27. Re1 {[%clk 00:52:49]}
{[%emt 00:02:35]} d3 {[%clk 01:24:49]} {[%emt 00:00:58]} 28. e6 {[%clk
00:53:02]} {[%emt 00:00:17]} Be2 {[%clk 01:24:56]} {[%emt 00:00:22]} 29. Ne4
{[%clk 00:50:13]} {[%emt 00:03:20]} Rc6 {[%clk 01:24:35]} {[%emt 00:00:50]} 0-1

[Event "ODJM C 2025"]
[Site "Willingen GER"]
[Date "2025.06.11"]
[Round "5"]
[White "Rabus, Luise"]
[Black "Romberg, Moritz"]
[Result "0-1"]
[Termination "normal"]
[Board "19"]
[WhiteElo "1454"]
[BlackElo "1565"]
[WhiteClock "01:11:38"]
[BlackClock "01:30:30"]
[PlyCount "104"]
[WhiteFideId "34636900"]
[BlackFideId "34676600"]
[EventCountry "GER"]
[EventRounds "9"]
[EventType "swiss"]
[EventDate "2025.06.07"]

1. e4 {[%clk 01:30:58]} e6 {[%clk 01:30:53]} {[%emt 00:00:08]} 2. d4 {[%clk
01:31:21]} {[%emt 00:00:07]} d5 {[%clk 01:31:15]} {[%emt 00:00:09]} 3. e5
{[%clk 01:31:34]} {[%emt 00:00:17]} c5 {[%clk 01:31:41]} {[%emt 00:00:04]} 4.
c3 {[%clk 01:31:47]} {[%emt 00:00:16]} Nc6 {[%clk 01:32:01]} {[%emt 00:00:10]}
5. Nf3 {[%clk 01:31:49]} {[%emt 00:00:28]} Qb6 {[%clk 01:31:58]} {[%emt
00:00:34]} 6. Bd3 {[%clk 01:32:01]} {[%emt 00:00:16]} Bd7 {[%clk 01:31:47]}
{[%emt 00:00:43]} 7. Be2 {[%clk 01:31:43]} {[%emt 00:00:46]} f6 {[%clk
01:31:28]} {[%emt 00:00:50]} 8. O-O {[%clk 01:31:11]} {[%emt 00:01:02]} fxe5
{[%clk 01:30:55]} {[%emt 00:01:04]} 9. Nxe5 {[%clk 01:31:03]} {[%emt 00:00:37]}
Nxe5 {[%clk 01:30:56]} {[%emt 00:00:30]} 10. dxe5 {[%clk 01:30:46]} {[%emt
00:00:45]} Ne7 {[%clk 01:30:44]} {[%emt 00:00:43]} 11. Bf4 {[%clk 01:29:28]}
{[%emt 00:01:47]} Qxb2 {[%clk 01:30:43]} {[%emt 00:00:32]} 12. Nd2 {[%clk
01:29:32]} {[%emt 00:00:25]} Qxc3 {[%clk 01:30:44]} {[%emt 00:00:31]} 13. Rb1
{[%clk 01:25:51]} {[%emt 00:04:11]} Rb8 {[%clk 01:27:56]} {[%emt 00:03:15]} 14.
Nb3 {[%clk 01:24:14]} {[%emt 00:02:08]} Ba4 {[%clk 01:27:11]} {[%emt 00:01:16]}
15. g3 {[%clk 01:19:27]} {[%emt 00:05:16]} Ng6 {[%clk 01:26:21]} {[%emt
00:01:21]} 16. Rc1 {[%clk 01:17:14]} {[%emt 00:02:43]} Bxb3 {[%clk 01:26:09]}
{[%emt 00:00:42]} 17. Rxc3 {[%clk 01:17:20]} {[%emt 00:00:24]} Bxd1 {[%clk
01:26:30]} {[%emt 00:00:09]} 18. Rxd1 {[%clk 01:17:35]} {[%emt 00:00:15]} Nxf4
{[%clk 01:26:22]} {[%emt 00:00:38]} 19. gxf4 {[%clk 01:17:46]} {[%emt
00:00:20]} Be7 {[%clk 01:26:13]} {[%emt 00:00:39]} 20. Bg4 {[%clk 01:17:03]}
{[%emt 00:01:12]} Kf7 {[%clk 01:25:12]} {[%emt 00:01:32]} 21. f5 {[%clk
01:17:04]} {[%emt 00:00:29]} exf5 {[%clk 01:25:24]} {[%emt 00:00:17]} 22. Bxf5
{[%clk 01:17:11]} {[%emt 00:00:23]} g6 {[%clk 01:25:13]} {[%emt 00:00:42]} 23.
Bh3 {[%clk 01:17:31]} {[%emt 00:00:08]} d4 {[%clk 01:25:04]} {[%emt 00:00:40]}
24. Rf3+ {[%clk 01:16:15]} {[%emt 00:01:45]} Kg7 {[%clk 01:24:59]} {[%emt
00:00:36]} 25. e6 {[%clk 01:16:23]} {[%emt 00:00:21]} Rhf8 {[%clk 01:24:50]}
{[%emt 00:00:39]} 26. Ra3 {[%clk 01:15:28]} {[%emt 00:01:26]} a6 {[%clk
01:24:24]} {[%emt 00:00:56]} 27. Rb3 {[%clk 01:14:52]} {[%emt 00:01:06]} b5
{[%clk 01:24:28]} {[%emt 00:00:26]} 28. Ra3 {[%clk 01:12:56]} {[%emt 00:02:27]}
Rb6 {[%clk 01:23:39]} {[%emt 00:01:16]} 29. Rb1 {[%clk 01:10:48]} {[%emt
00:02:40]} c4 {[%clk 01:22:11]} {[%emt 00:01:58]} 30. Ra4 {[%clk 01:10:39]}
{[%emt 00:00:39]} Rfb8 {[%clk 01:20:50]} {[%emt 00:01:51]} 31. Ra5 {[%clk
01:07:14]} {[%emt 00:03:55]} d3 {[%clk 01:19:03]} {[%emt 00:02:18]} 32. a4
{[%clk 01:07:27]} {[%emt 00:00:16]} c3 {[%clk 01:18:58]} {[%emt 00:00:36]} 33.
Bg4 {[%clk 01:07:05]} {[%emt 00:00:51]} c2 {[%clk 01:19:17]} {[%emt 00:00:12]}
34. Rc1 {[%clk 01:06:59]} {[%emt 00:00:36]} Ba3 {[%clk 01:19:25]} {[%emt
00:00:21]} 35. axb5 {[%clk 01:06:38]} {[%emt 00:00:50]} Bxc1 {[%clk 01:19:19]}
{[%emt 00:00:37]} 36. Ra1 {[%clk 01:07:01]} {[%emt 00:00:07]} Bb2 {[%clk
01:19:40]} {[%emt 00:00:09]} 37. Re1 {[%clk 01:06:58]} {[%emt 00:00:33]} c1=Q
{[%clk 01:19:57]} {[%emt 00:00:13]} 38. Rxc1 {[%clk 01:07:20]} {[%emt
00:00:09]} Bxc1 {[%clk 01:20:17]} {[%emt 00:00:09]} 39. e7 {[%clk 01:07:42]}
{[%emt 00:00:08]} Re8 {[%clk 01:20:35]} {[%emt 00:00:12]} 40. Bd7 {[%clk
01:07:54]} {[%emt 00:00:17]} Rxe7 {[%clk 01:20:55]} {[%emt 00:00:11]} 41. Bg4
{[%clk 01:08:17]} {[%emt 00:00:07]} Re1+ {[%clk 01:21:16]} {[%emt 00:00:10]}
42. Kg2 {[%clk 01:08:40]} {[%emt 00:00:06]} d2 {[%clk 01:21:40]} {[%emt
00:00:06]} 43. bxa6 {[%clk 01:08:49]} {[%emt 00:00:21]} Rxa6 {[%clk 01:21:58]}
{[%emt 00:00:13]} 44. Bf3 {[%clk 01:08:51]} {[%emt 00:00:27]} d1=Q {[%clk
01:22:12]} {[%emt 00:00:16]} 45. Bxd1 {[%clk 01:09:13]} {[%emt 00:00:07]} Rxd1
{[%clk 01:22:37]} {[%emt 00:00:06]} 46. Kg3 {[%clk 01:09:36]} {[%emt 00:00:07]}
Ra3+ {[%clk 01:22:52]} {[%emt 00:00:15]} 47. Kg2 {[%clk 01:09:59]} {[%emt
00:00:06]} Rd2 {[%clk 01:23:01]} {[%emt 00:00:22]} 48. Kg1 {[%clk 01:10:21]}
{[%emt 00:00:08]} Raa2 {[%clk 01:23:22]} {[%emt 00:00:10]} 49. Kg2 {[%clk
01:10:36]} {[%emt 00:00:14]} Rxf2+ {[%clk 01:23:46]} {[%emt 00:00:06]} 50. Kg3
{[%clk 01:10:58]} {[%emt 00:00:08]} Bf4+ {[%clk 01:24:04]} {[%emt 00:00:12]}
51. Kg4 {[%clk 01:11:19]} {[%emt 00:00:09]} h5+ {[%clk 01:24:21]} {[%emt
00:00:13]} 52. Kh4 {[%clk 01:11:38]} {[%emt 00:00:11]} Rxh2# {[%clk 01:30:30]}
{[%emt 00:00:04]} 0-1

[Event "ODJM C 2025"]
[Site "Willingen GER"]
[Date "2025.06.11"]
[Round "5"]
[White "Stepanjan, Gurgen"]
[Black "Gakhov, Gabriel"]
[Result "0-1"]
[Termination "normal"]
[Board "20"]
[WhiteElo "751"]
[BlackElo "1519"]
[WhiteClock "01:27:38"]
[BlackClock "01:16:14"]
[PlyCount "50"]
[WhiteFideId "34655280"]
[BlackFideId "533017875"]
[EventCountry "GER"]
[EventRounds "9"]
[EventType "swiss"]
[EventDate "2025.06.07"]

1. e4 {[%clk 01:30:57]} {[%emt 00:00:01]} c6 {[%clk 01:30:56]} {[%emt
00:00:04]} 2. d4 {[%clk 01:31:07]} {[%emt 00:00:20]} d5 {[%clk 01:31:20]}
{[%emt 00:00:06]} 3. exd5 {[%clk 01:31:03]} {[%emt 00:00:34]} cxd5 {[%clk
01:31:43]} {[%emt 00:00:08]} 4. Nf3 {[%clk 01:31:06]} {[%emt 00:00:28]} Nf6
{[%clk 01:31:48]} {[%emt 00:00:24]} 5. Bd3 {[%clk 01:31:07]} {[%emt 00:00:28]}
Nc6 {[%clk 01:31:59]} {[%emt 00:00:19]} 6. O-O {[%clk 01:30:53]} {[%emt
00:00:44]} Bg4 {[%clk 01:32:16]} {[%emt 00:00:14]} 7. Bg5 {[%clk 01:31:11]}
{[%emt 00:00:12]} h6 {[%clk 01:32:15]} {[%emt 00:00:30]} 8. Bh4 {[%clk
01:31:31]} {[%emt 00:00:10]} Bxf3 {[%clk 01:32:11]} {[%emt 00:00:35]} 9. Qxf3
{[%clk 01:31:22]} {[%emt 00:00:40]} Nxd4 {[%clk 01:32:25]} {[%emt 00:00:15]}
10. Qf4 {[%clk 01:30:43]} {[%emt 00:01:09]} Ne6 {[%clk 01:30:31]} {[%emt
00:02:24]} 11. Qe5 {[%clk 01:30:44]} {[%emt 00:00:29]} a6 {[%clk 01:27:44]}
{[%emt 00:03:18]} 12. Bxf6 {[%clk 01:30:07]} {[%emt 00:01:06]} exf6 {[%clk
01:27:02]} {[%emt 00:01:11]} 13. Qe2 {[%clk 01:29:36]} {[%emt 00:01:02]} Be7
{[%clk 01:25:46]} {[%emt 00:01:44]} 14. Nd2 {[%clk 01:28:53]} {[%emt 00:01:15]}
O-O {[%clk 01:26:00]} {[%emt 00:00:16]} 15. Qf3 {[%clk 01:28:58]} {[%emt
00:00:16]} Ng5 {[%clk 01:23:29]} {[%emt 00:03:09]} 16. Qe2 {[%clk 01:28:17]}
{[%emt 00:01:11]} Re8 {[%clk 01:22:59]} {[%emt 00:00:57]} 17. f4 {[%clk
01:26:45]} {[%emt 00:02:05]} Bc5+ {[%clk 01:21:43]} {[%emt 00:01:47]} 18. Kh1
{[%clk 01:26:44]} {[%emt 00:00:31]} Rxe2 {[%clk 01:21:58]} {[%emt 00:00:14]}
19. Bxe2 {[%clk 01:26:55]} {[%emt 00:00:19]} Ne4 {[%clk 01:22:08]} {[%emt
00:00:21]} 20. Nxe4 {[%clk 01:27:03]} {[%emt 00:00:22]} dxe4 {[%clk 01:22:28]}
{[%emt 00:00:10]} 21. Rad1 {[%clk 01:27:29]} {[%emt 00:00:04]} Qe7 {[%clk
01:22:11]} {[%emt 00:00:46]} 22. Rd5 {[%clk 01:27:35]} {[%emt 00:00:24]} Rd8
{[%clk 01:21:56]} {[%emt 00:00:45]} 23. Rfd1 {[%clk 01:27:47]} {[%emt
00:00:19]} Rxd5 {[%clk 01:21:37]} {[%emt 00:00:49]} 24. Rxd5 {[%clk 01:27:47]}
{[%emt 00:00:29]} Qc7 {[%clk 01:21:15]} {[%emt 00:00:49]} 25. h3 {[%clk
01:27:38]} {[%emt 00:00:42]} Be3 {[%clk 01:16:14]} {[%emt 00:05:31]} 0-1

[Event "ODJM C 2025"]
[Site "Willingen GER"]
[Date "2025.06.11"]
[Round "5"]
[White "Servin, Erik Phileas Große"]
[Black "Kudinov, Mykhailo"]
[Result "0-1"]
[Termination "normal"]
[Board "21"]
[WhiteElo "1041"]
[BlackElo "1139"]
[WhiteClock "00:27:40"]
[BlackClock "01:26:56"]
[PlyCount "56"]
[WhiteFideId "533043744"]
[BlackFideId "533034176"]
[EventCountry "GER"]
[EventRounds "9"]
[EventType "swiss"]
[EventDate "2025.06.07"]

1. e4 {[%clk 01:30:57]} {[%emt 00:00:02]} e6 {[%clk 01:30:55]} {[%emt
00:00:07]} 2. d4 {[%clk 01:31:19]} {[%emt 00:00:08]} d5 {[%clk 01:31:19]}
{[%emt 00:00:05]} 3. e5 {[%clk 01:31:35]} {[%emt 00:00:14]} c5 {[%clk
01:31:43]} {[%emt 00:00:06]} 4. c3 {[%clk 01:31:18]} {[%emt 00:00:46]} Nc6
{[%clk 01:32:07]} {[%emt 00:00:07]} 5. Nf3 {[%clk 01:31:09]} {[%emt 00:00:39]}
Qb6 {[%clk 01:31:49]} {[%emt 00:00:48]} 6. Bd3 {[%clk 01:30:42]} {[%emt
00:00:58]} cxd4 {[%clk 01:31:23]} {[%emt 00:00:56]} 7. cxd4 {[%clk 01:31:03]}
{[%emt 00:00:09]} Bb4+ {[%clk 01:31:45]} {[%emt 00:00:08]} 8. Bd2 {[%clk
01:30:11]} {[%emt 00:01:21]} Bxd2+ {[%clk 01:31:58]} {[%emt 00:00:17]} 9. Qxd2
{[%clk 01:26:35]} {[%emt 00:04:06]} Nxd4 {[%clk 01:32:15]} {[%emt 00:00:13]}
10. Nxd4 {[%clk 01:26:55]} {[%emt 00:00:10]} Bd7 {[%clk 01:32:29]} {[%emt
00:00:16]} 11. Nf3 {[%clk 01:25:30]} {[%emt 00:01:55]} Ne7 {[%clk 01:31:05]}
{[%emt 00:01:54]} 12. O-O {[%clk 01:25:38]} {[%emt 00:00:23]} O-O-O {[%clk
01:31:21]} {[%emt 00:00:14]} 13. Rc1+ {[%clk 01:19:29]} {[%emt 00:06:33]} Kb8
{[%clk 01:31:45]} {[%emt 00:00:12]} 14. Ng5 {[%clk 01:14:46]} {[%emt 00:05:12]}
Rdf8 {[%clk 01:31:19]} {[%emt 00:00:56]} 15. a3 {[%clk 01:12:37]} {[%emt
00:02:37]} f6 {[%clk 01:31:36]} {[%emt 00:00:15]} 16. exf6 {[%clk 01:12:53]}
{[%emt 00:00:14]} Rxf6 {[%clk 01:31:58]} {[%emt 00:00:09]} 17. Nxh7 {[%clk
01:11:58]} {[%emt 00:01:24]} Rh6 {[%clk 01:31:59]} {[%emt 00:00:29]} 18. Ng5
{[%clk 01:09:25]} {[%emt 00:03:01]} Rxh2 {[%clk 01:32:21]} {[%emt 00:00:10]}
19. g3 {[%clk 01:02:33]} {[%emt 00:07:23]} Rh1+ {[%clk 01:32:24]} {[%emt
00:00:26]} 20. Kg2 {[%clk 01:02:58]} {[%emt 00:00:05]} R8h2+ {[%clk 01:32:06]}
{[%emt 00:00:48]} 21. Kf3 {[%clk 01:03:08]} {[%emt 00:00:19]} Rxc1 {[%clk
01:32:11]} {[%emt 00:00:27]} 22. Qxc1 {[%clk 01:03:25]} {[%emt 00:00:12]} Bc6
{[%clk 01:32:36]} {[%emt 00:00:05]} 23. Qd2 {[%clk 00:48:40]} {[%emt 00:15:14]}
d4+ {[%emt 00:00:54]} 24. Be4 {[%clk 00:48:36]} {[%emt 00:00:26]} Qb3+ {[%clk
01:30:18]} {[%emt 00:02:34]} 25. Kf4 {[%clk 00:34:28]} {[%emt 00:14:38]} Bxe4
{[%emt 00:02:21]} 26. Nxe4 {[%clk 00:31:27]} {[%emt 00:03:17]} Ng6+ {[%clk
01:27:16]} {[%emt 00:01:55]} 27. Kg5 {[%clk 00:28:45]} {[%emt 00:03:11]} Qf3
{[%emt 00:00:42]} 28. Qxd4 {[%clk 00:27:40]} {[%emt 00:01:33]} Qf5# {[%clk
01:26:56]} {[%emt 00:00:38]} 0-1

[Event "ODJM C 2025"]
[Site "Willingen GER"]
[Date "2025.06.11"]
[Round "5"]
[White "Kiesewetter, Lara"]
[Black "Eichner, Willi"]
[Result "1-0"]
[Termination "normal"]
[Board "22"]
[WhiteElo "1131"]
[BlackElo "987"]
[PlyCount "103"]
[WhiteFideId "533043736"]
[BlackFideId "533043787"]
[EventCountry "GER"]
[EventRounds "9"]
[EventType "swiss"]
[EventDate "2025.06.07"]

1. e4 {[%emt 01:34:37]} e5 {[%emt 00:00:02]} 2. Nf3 {[%emt 00:00:06]} Nc6
{[%emt 00:00:06]} 3. Bc4 {[%emt 00:00:07]} Bc5 {[%emt 00:00:12]} 4. d4 {[%emt
00:00:10]} exd4 {[%emt 00:00:20]} 5. Ng5 {[%emt 00:00:26]} Nh6 {[%emt
00:01:02]} 6. Nxf7 {[%emt 00:00:20]} Nxf7 {[%emt 00:00:12]} 7. Bxf7+ {[%emt
00:00:06]} Kxf7 {[%emt 00:00:11]} 8. Qh5+ {[%emt 00:00:05]} Kg8 {[%emt
00:04:06]} 9. Qxc5 {[%emt 00:00:12]} h6 {[%emt 00:00:41]} 10. O-O {[%emt
00:00:52]} Kh7 {[%emt 00:00:05]} 11. Bf4 {[%emt 00:02:13]} Rf8 {[%emt
00:00:33]} 12. Bg3 {[%emt 00:01:11]} d6 {[%emt 00:00:17]} 13. Qb5 {[%emt
00:00:30]} a6 {[%emt 00:00:51]} 14. Qd3 {[%emt 00:01:05]} Be6 {[%emt 00:01:35]}
15. a3 {[%emt 00:02:05]} d5 {[%emt 00:01:55]} 16. exd5+ {[%emt 00:02:37]} Bf5
{[%emt 00:02:10]} 17. Qb3 {[%emt 00:00:18]} Na5 {[%emt 00:00:31]} 18. Qa4
{[%emt 00:02:48]} c5 {[%emt 00:00:24]} 19. dxc6 {[%emt 00:00:25]} Nxc6 {[%emt
00:00:27]} 20. c3 {[%emt 00:05:31]} Qb6 {[%emt 00:02:15]} 21. b4 {[%emt
00:06:36]} d3 {[%emt 00:01:13]} 22. Nd2 {[%emt 00:00:41]} Rae8 {[%emt
00:01:45]} 23. Nc4 {[%emt 00:05:04]} Qd8 {[%emt 00:00:58]} 24. b5 {[%emt
00:04:28]} axb5 {[%emt 00:00:25]} 25. Qxb5 {[%emt 00:00:13]} Qc8 {[%emt
00:01:15]} 26. Nd6 {[%emt 00:01:23]} Qd7 {[%emt 00:00:34]} 27. Nxe8 {[%emt
00:00:28]} Rxe8 {[%emt 00:00:09]} 28. Rad1 {[%emt 00:02:11]} d2 {[%emt
00:01:50]} 29. Bf4 {[%emt 00:02:00]} Re2 {[%emt 00:00:20]} 30. Qxe2 {[%emt
00:00:22]} Bc2 {[%emt 00:00:11]} 31. Rxd2 {[%emt 00:00:32]} Qf5 {[%emt
00:00:34]} 32. Rxc2 {[%emt 00:02:50]} Qxf4 {[%emt 00:00:12]} 33. Qe3 {[%emt
00:00:35]} Qf5 {[%emt 00:00:13]} 34. Re2 {[%emt 00:00:58]} Qg4 {[%emt
00:00:55]} 35. Qe4+ {[%emt 00:00:18]} Qxe4 {[%emt 00:00:29]} 36. Rxe4 {[%emt
00:00:05]} Kg6 {[%emt 00:00:14]} 37. Rfe1 {[%emt 00:00:28]} b5 {[%emt
00:00:32]} 38. Re6+ {[%emt 00:00:08]} Kf5 {[%emt 00:00:30]} 39. Rxc6 {[%emt
00:00:09]} g5 {[%emt 00:00:12]} 40. c4 {[%emt 00:01:02]} bxc4 {[%emt 00:00:12]}
41. Rxc4 {[%emt 00:00:08]} g4 {[%emt 00:00:09]} 42. a4 {[%emt 00:00:15]} h5
{[%emt 00:00:08]} 43. a5 {[%emt 00:00:35]} h4 {[%emt 00:00:05]} 44. a6 {[%emt
00:00:38]} g3 {[%emt 00:00:03]} 45. hxg3 {[%emt 00:00:25]} hxg3 {[%emt
00:00:19]} 46. fxg3 {[%emt 00:00:07]} Kg6 {[%emt 00:00:21]} 47. Rc5 {[%emt
00:01:05]} Kf7 {[%emt 00:00:10]} 48. Rc6 {[%emt 00:00:07]} Kg7 {[%emt
00:00:17]} 49. a7 {[%emt 00:00:06]} Kf7 {[%emt 00:00:22]} 50. a8=Q {[%emt
00:00:24]} Kg7 {[%emt 00:00:10]} 51. Qb7+ {[%emt 00:00:08]} Kf8 {[%emt
00:00:09]} 52. Rc8# {[%emt 00:00:06]} 1-0